| 000 -LEADER |
| fixed length control field |
01761nam a22002777a 4500 |
| 003 - CONTROL NUMBER IDENTIFIER |
| control field |
OSt |
| 005 - DATE AND TIME OF LATEST TRANSACTION |
| control field |
20260127114011.0 |
| 008 - FIXED-LENGTH DATA ELEMENTS--GENERAL INFORMATION |
| fixed length control field |
260127b ||||| |||| 00| 0 eng d |
| 020 ## - INTERNATIONAL STANDARD BOOK NUMBER |
| International Standard Book Number |
9781339001234 |
| 040 ## - CATALOGING SOURCE |
| Transcribing agency |
KH8 |
| 082 ## - DEWEY DECIMAL CLASSIFICATION NUMBER |
| Classification number |
FIC SUT |
| 100 ## - MAIN ENTRY--PERSONAL NAME |
| Personal name |
Sutherland, Tui T. , |
| Relator term |
author. |
| 245 ## - TITLE STATEMENT |
| Title |
Wings of Fire : |
| Remainder of title |
Escaping Peril / |
| Statement of responsibility, etc. |
Tui T. Sutherland . |
| 260 ## - PUBLICATION, DISTRIBUTION, ETC. |
| Place of publication, distribution, etc. |
USA ; |
| Name of publisher, distributor, etc. |
Scholastic , |
| Date of publication, distribution, etc. |
2025. |
| 300 ## - PHYSICAL DESCRIPTION |
| Extent |
216 pages : |
| Other physical details |
color illustrations + maps ; |
| Dimensions |
23 cm. |
| 490 ## - SERIES STATEMENT |
| Series statement |
Wings of Fire |
| Volume/sequential designation |
book 8 |
| 520 ## - SUMMARY, ETC. |
| Summary, etc. |
Peril has been loyal to Queen Scarlet, who used her fatal firescales to kill countless dragons in the SkyWing arena. Now, Peril is loyal to Clay, the only dragonet who has ever been her friend. So when Scarlet threatens Jade Mountain Academy, Peril sets off to find her former queen, stop her, and save the day, no matter what it takes.There's just one a strangely persistent SeaWing, Turtle, insists on coming along, too. Turtle is worried about his friends, who left to search for Scarlet and haven't returned. Peril is worried that she might accidentally burn Turtle -- or burn him on purpose, for being so annoying -- and frustrated that she keeps saying and doing the wrong things. She can't escape her firescales, and she can't escape her reputation as the deadliest dragon in Pyrrhia.So when she's offered a chance to trade everything for a new life, Peril has to decide who she's really loyal to . . . and whether her own scales might actually be worth saving. |
| 650 ## - SUBJECT ADDED ENTRY--TOPICAL TERM |
| Topical term or geographic name entry element |
Fantasy |
| Form subdivision |
Fiction |
| 650 ## - SUBJECT ADDED ENTRY--TOPICAL TERM |
| Topical term or geographic name entry element |
Dragons |
| Form subdivision |
Fiction |
| 700 ## - ADDED ENTRY--PERSONAL NAME |
| Personal name |
Deutsch, Barry, |
| Relator term |
adaptor. |
| 700 ## - ADDED ENTRY--PERSONAL NAME |
| Personal name |
Swirsky, Rachel, |
| Relator term |
adaptor. |
| 700 ## - ADDED ENTRY--PERSONAL NAME |
| Personal name |
Holmes, Mike, |
| Relator term |
artist. |
| 700 ## - ADDED ENTRY--PERSONAL NAME |
| Personal name |
Laiho, Maarta, |
| Relator term |
colorist. |
| 830 ## - SERIES ADDED ENTRY--UNIFORM TITLE |
| Uniform title |
Wings of Fire |
| 942 ## - ADDED ENTRY ELEMENTS (KOHA) |
| Source of classification or shelving scheme |
|
| Koha item type |
Graphic Novel |